Safe and effective control of acid secretion / (Record no. 5589)
[ view plain ]
| 000 -LEADER | |
|---|---|
| fixed length control field | 00674nam a2200229 a 4500 |
| 003 - CONTROL NUMBER IDENTIFIER | |
| control field | UkOxU |
| 005 - DATE AND TIME OF LATEST TRANSACTION | |
| control field | 20220421074136.0 |
| 008 - FIXED-LENGTH DATA ELEMENTS--GENERAL INFORMATION | |
| fixed length control field | 890503s1988 enka 100 0 eng d |
| 020 ## - INTERNATIONAL STANDARD BOOK NUMBER | |
| International Standard Book Number | 0861961765 |
| 040 ## - CATALOGING SOURCE | |
| Transcribing agency | ALUPE UNIVERSITY |
| 050 #0 - LIBRARY OF CONGRESS CALL NUMBER | |
| Classification number | QP190.7 |
| Item number | .S3 1988 |
| 092 ## - LOCALLY ASSIGNED DEWEY CALL NUMBER (OCLC) | |
| Classification number | D0400490951 |
| 245 00 - TITLE STATEMENT | |
| Title | Safe and effective control of acid secretion / |
| Statement of responsibility, etc. | editors, M. Mignon, J.-P. Galmiche |
| 260 ## - PUBLICATION, DISTRIBUTION, ETC. | |
| Place of publication, distribution, etc. | London : |
| Name of publisher, distributor, etc. | John Libbey, |
| Date of publication, distribution, etc. | 1988 |
| 300 ## - PHYSICAL DESCRIPTION | |
| Extent | xiii, 311 p ; |
| Dimensions | 25 cm |
| 650 #0 - SUBJECT ADDED ENTRY--TOPICAL TERM | |
| Topical term or geographic name entry element | Digestive organs |
| General subdivision | Secretions |
| 700 1# - ADDED ENTRY--PERSONAL NAME | |
| Personal name | Galmiche, J.-P. |
| 700 1# - ADDED ENTRY--PERSONAL NAME | |
| Personal name | Mignon, M. |
| 711 2# - ADDED ENTRY--MEETING NAME | |
| Date of meeting or treaty signing | (1988 : |
| 942 ## - ADDED ENTRY ELEMENTS (KOHA) | |
| Source of classification or shelving scheme | |
| Koha item type | Book |
| Suppress in OPAC | MM |
| Withdrawn status | Lost status | Source of classification or shelving scheme | Damaged status | Not for loan | Permanent Location | Current Location | Shelving location | Date acquired | Source of acquisition | Total Checkouts | Full call number | Barcode | Date last seen | Date last checked out | Price effective from | Koha item type | Public note |
|---|---|---|---|---|---|---|---|---|---|---|---|---|---|---|---|---|---|
| AU LIBRARY | AU LIBRARY | Open Shelf | 21.04.2022 | DONATION FROM MOI UNIVERSITY | 1 | QP190.7 .S3 1988 | 28002004 | 14.11.2023 | 07.09.2022 | 21.04.2022 | Book | MM |